00000000cam 2200000zi 4500
0019.951453
003CaOODSP
00520260211131010
006m     o  d f      
007cr cn|||||||||
008250528t20252025oncao   ob   f000 0 fre d
020 |a9780660774589
040 |aCaOODSP|bfre|erda|cCaOODSP
043 |an-cn---
0861 |aT29-42/2025F-PDF
24500|aBouées privées guide du propriétaire : |bprogramme de protection de la navigation.
250 |a[Édition de 2025]
264 1|a[Ottawa (Ontario)] : |bTransports Canada = Transport Canada, |c[2025]
264 4|c©2025
300 |a1 ressource en ligne (23 pages) : |billustrations, photographies
336 |atexte|btxt|2rdacontent/fre
337 |ainformatique|bc|2rdamedia/fre
338 |aressource en ligne|bcr|2rdacarrier/fre
500 |aTitre de la couverture.
500 |aPublié aussi en anglais sous le titre : An owner's guide to private buoys : navigation protection program.
500 |a« TP Nº 14799F. »
504 |aComprend des références bibliographiques (page 23).
520 |a« Dans le système canadien de navigation maritime, les bouées jouent un rôle important en ce qui concerne la sécurité et le bien-être des navigateurs. Des individus, des organisations, des sociétés ou d'autres groupes peuvent installer des « bouées privées » sur l'eau pour communiquer des renseignements à d'autres navigateurs » -- Introduction, page 2.
530 |aÉgalement publié en version imprimée.
650 6|aBouées|zCanada.
650 6|aBateaux de pêche|zCanada|xSécurité|xMesures.
7101 |aCanada. |bTransports Canada, |eorganisme de publication.
77508|tAn owner's guide to private buoys : |w(CaOODSP)9.951452
795 |tBouées privées guide du propriétaire : |b[Édition de 2021]|w(CaOODSP)9.887500
85640|qPDF|s906 Ko|uhttps://publications.gc.ca/collections/collection_2026/tc/T29-42-2025-fra.pdf